Best Players to Ever Wear a Blazers Jersey - Statistics

General Stats
  • This quiz has been taken 17 times
  • The average score is 7 of 20
Answer Stats
Hint Answer % Correct
5. Damian Lillard
100%
2. Clyde Drexler
88%
3. Bill Walton
82%
7. LaMarcus Aldridge
71%
1. Scottie Pippen
59%
16. Brandon Roy
53%
9. Rasheed Wallace
47%
11. Buck Williams
29%
4. Carmelo Anthony
29%
14. Zach Randolph
29%
18. Clifford Robinson
18%
17. Detlef Schrempf
12%
12. Jermaine O'Neal
12%
6. Jrue Holiday
12%
10. Maurice Lucas
12%
20. Jamal Crawford
6%
8. Shawn Kemp
6%
13. Walter Davis
6%
19. Fat Lever
0%
15. Marcus Camby
0%
No matching quizzes found
Score Distribution
Percent of People with Each Score
Percentile by Number Answered
Your Score History
You have not taken this quiz